Rau bản địa trong ẩm thực Việt theo âm dương ngũ hành

Giới thiệu văn hóa ẩm thực Việt, tập đoàn rau địa phương bản địa và nâng cao giá trị của rau địa phương bản địa trong ẩm thực Việt,...

Đã lưu trong:
書目詳細資料
主要作者: Nguyễn, Văn Luật
格式: 圖書
語言:Undetermined
出版: Hà Nội Nông nghiệp 2016
主題:
標簽: 添加標簽
沒有標簽, 成為第一個標記此記錄!
Thư viện lưu trữ: Trung tâm Học liệu Trường Đại học Cần Thơ
LEADER 00797nam a2200205Ia 4500
001 CTU_231032
008 210402s9999 xx 000 0 und d
020 |c 40000 
082 |a 635.4 
082 |b L504 
100 |a Nguyễn, Văn Luật 
245 0 |a Rau bản địa trong ẩm thực Việt theo âm dương ngũ hành 
245 0 |c Nguyễn Văn Luật 
260 |a Hà Nội 
260 |b Nông nghiệp 
260 |c 2016 
520 |a Giới thiệu văn hóa ẩm thực Việt, tập đoàn rau địa phương bản địa và nâng cao giá trị của rau địa phương bản địa trong ẩm thực Việt,... 
650 |a Rau,Vegetables 
910 |b nthai 
980 |a Trung tâm Học liệu Trường Đại học Cần Thơ